|
|
|
|
| LEADER |
00000nam0a2200000 4500 |
| 001 |
322398 |
| 005 |
20231102003454.0 |
| 035 |
|
|
|a (RuTPU)RU\TPU\book\347957
|
| 090 |
|
|
|a 322398
|
| 100 |
|
|
|a 20160926d1949 km y0rusy50 ca
|
| 101 |
0 |
|
|a rus
|
| 102 |
|
|
|a RU
|
| 105 |
|
|
|a a z 001zy
|
| 200 |
1 |
|
|a Вспомогательные процессы и аппаратура анилинокрасочной промышленности
|f И. И. Воронцов
|
| 210 |
|
|
|a Москва
|a Ленинград
|c Госхимиздат
|d 1949
|
| 215 |
|
|
|a 383 с.
|c ил.
|
| 320 |
|
|
|a Предм. указ.: с. 369-383
|
| 606 |
1 |
|
|a Анилино-красочные заводы
|x Оборудование
|2 stltpush
|3 (RuTPU)RU\TPU\subj\34943
|9 56761
|
| 610 |
1 |
|
|a химическая аппаратура
|
| 610 |
1 |
|
|a материалы
|
| 610 |
1 |
|
|a металлы
|
| 610 |
1 |
|
|a сплавы
|
| 610 |
1 |
|
|a неметаллические материалы
|
| 610 |
1 |
|
|a тарное хозяйство
|
| 610 |
1 |
|
|a транспортное оборудование
|
| 610 |
1 |
|
|a перемещение
|
| 610 |
1 |
|
|a перемешивание
|
| 610 |
1 |
|
|a измельчение
|
| 610 |
1 |
|
|a механическое разделение
|
| 610 |
1 |
|
|a фильтрация
|
| 610 |
1 |
|
|a нагревание
|
| 610 |
1 |
|
|a охлаждение
|
| 610 |
1 |
|
|a выпаривание
|
| 610 |
1 |
|
|a кристаллизация
|
| 610 |
1 |
|
|a перегонка
|
| 610 |
1 |
|
|a ректификация
|
| 610 |
1 |
|
|a экстракция
|
| 610 |
1 |
|
|a поглощение
|
| 675 |
|
|
|a 667.28
|v 4
|
| 700 |
|
1 |
|a Воронцов
|b И. И.
|
| 801 |
|
1 |
|a RU
|b 63413507
|c 20160926
|
| 801 |
|
2 |
|a RU
|b 63413507
|c 20200723
|g RCR
|
| 942 |
|
|
|c BK
|